| 000 | 00693cam a2200193 i 4500 | ||
|---|---|---|---|
| 001 | 115050 | ||
| 005 | 20230410103916.0 | ||
| 008 | 140310b ilua 000 0 eng | ||
| 041 | 0 | _aSPA | |
| 050 | 1 | 4 |
_a438 DS 553.1 _bH678 2010 |
| 245 | 0 | 0 |
_aHo Chi Minh, Vida y Obra : _bLos Muchos Rostros de Vietnam / _cEditado por la Comisión de Estudio de la Historia del Partido Comunista de Vietnam (CEHP) |
| 260 |
_aVietnam : _bEditorial The Gioi, _cc2010 |
||
| 300 |
_a263p. : _bill. |
||
| 500 | _aVersión en español | ||
| 650 | 4 |
_aHo Chi Minh _xBiografía _xVietnam. |
|
| 700 | 1 | _aComisión de Estudio de la Historia del Partido Comunista de Vietnam (CEHP) | |
| 942 |
_2lcc _cbk |
||
| 946 | _aJaaM | ||
| 999 |
_c28216 _d28216 |
||